[Event "Treviglio Province-ch"]
[Site "Treviglio"]
[Date "2014.01.25"]
[Round "4"]
[White "Filice, Davide"]
[Black "Andolfatto, Maria"]
[Result "1-0"]
[WhiteElo "1783"]
[BlackElo "1493"]
[PlyCount "72"]
[EventDate "2014.01.18"]
[EventType "swiss"]
[EventRounds "6"]
[EventCountry "ITA"]
[SourceTitle "EXT 2016"]
[Source "ChessBase"]
[SourceDate "2015.10.08"]
[SourceVersion "1"]
[SourceVersionDate "2015.10.08"]
[SourceQuality "1"]

1. d4 d5 2. c4 e6 3. Nc3 Nf6 4. cxd5 exd5 5. Bg5 Be7 6. Qc2 0-0 7. e3 c6 8. Bd3 h6 9. Bxf6 Bxf6 10. b4 b6 11. Nf3 Bb7 12. 0-0 Be7 13. Rab1 Qc7 14. Nxd5 Qd8 15. Nxe7+ Qxe7 16. Ne5 Rc8 17. Bc4 Qf6 18. Bxf7+ Kf8 19. Qc4 Ke7 20. Ng6+ Kd8 21. Qe6 Qxe6 22. Bxe6 Rc7 23. e4 Nd7 24. e5 Nf8 25. Nxf8 Ke7 26. f4 Rxf8 27. Bc4 Rd7 28. Rbd1 Rfd8 29. Rd3 Rxd4 30. Rfd1 Rxd3 31. Rxd3 Rxd3 32. Bxd3 Ke6 33. Bc4+ Ke7 34. Kf2 c5 35. bxc5 bxc5 36. g4 g6 1-0

[Event "Treviglio Province-ch"]
[Site "Treviglio"]
[Date "2014.01.18"]
[Round "1"]
[White "Colonetti, Fabio"]
[Black "Filice, Davide"]
[Result "0-1"]
[WhiteElo "1475"]
[BlackElo "1783"]
[PlyCount "34"]
[EventDate "2014.01.18"]
[EventType "swiss"]
[EventRounds "6"]
[EventCountry "ITA"]
[SourceTitle "EXT 2016"]
[Source "ChessBase"]
[SourceDate "2015.10.08"]
[SourceVersion "1"]
[SourceVersionDate "2015.10.08"]
[SourceQuality "1"]

1. e4 e5 2. Nf3 Nc6 3. Bb5 a6 4. Ba4 f5 5. d3 fxe4 6. dxe4 Nf6 7. Nbd2 Bc5 8. 0-0 d6 9. h3 0-0 10. Re1 Qe8 11. Nf1 Nh5 12. Ne3 Nf4 13. Nd5 Nxh3+ 14. gxh3 Qh5 15. Ng5 Bxf2+ 16. Kg2 Qh4 17. Rf1 Bxh3+ 0-1

[Event "Bergamo Province-ch"]
[Site "Bergamo"]
[Date "2013.01.27"]
[Round "6"]
[White "Filice, Davide"]
[Black "Oteri, Aldo"]
[Result "0-1"]
[WhiteElo "1716"]
[BlackElo "1794"]
[PlyCount "68"]
[EventDate "2013.01.19"]
[EventType "swiss"]
[EventRounds "6"]
[EventCountry "ITA"]
[SourceTitle "EXT 2024"]
[Source "ChessBase"]
[SourceDate "2023.10.10"]
[SourceVersion "1"]
[SourceVersionDate "2023.10.10"]
[SourceQuality "1"]

1. e4 e6 2. d3 d5 3. Nd2 c5 4. Ngf3 Nc6 5. g3 Bd6 6. Bg2 Nge7 7. 0-0 Qc7 8. c3 Bd7 9. a3 0-0 10. Nh4 g5 11. Qg4 h6 12. f4 f5 13. Qh5 gxh4 14. e5 hxg3 15. exd6 gxh2+ 16. Qxh2 Qxd6 17. Qxh6 Rf7 18. Rf3 Rg7 19. Rh3 Ng6 20. Nf3 Kf7 21. Ng5+ Kf6 22. Nh7+ Rxh7 23. Qxh7 Rh8 24. Qxh8+ Nxh8 25. Rxh8 Ne7 26. b4 Ng6 27. Rh6 Kg7 28. Rh3 Nxf4 29. Rf3 Nxg2 30. Kxg2 d4 31. Rg3+ Kf7 32. Bd2 Bc6+ 33. Kf2 dxc3 34. Bxc3 Qf4+ 0-1

[Event "Bergamo Province-ch"]
[Site "Bergamo"]
[Date "2013.01.27"]
[Round "5"]
[White "Villa, Giorgio"]
[Black "Filice, Davide"]
[Result "1/2-1/2"]
[WhiteElo "1979"]
[BlackElo "1716"]
[PlyCount "71"]
[EventDate "2013.01.19"]
[EventType "swiss"]
[EventRounds "6"]
[EventCountry "ITA"]
[SourceTitle "EXT 2024"]
[Source "ChessBase"]
[SourceDate "2023.10.10"]
[SourceVersion "1"]
[SourceVersionDate "2023.10.10"]
[SourceQuality "1"]

1. d4 Nf6 2. Nf3 d5 3. c4 c6 4. e3 Bf5 5. Nc3 e6 6. Nh4 Bg6 7. Nxg6 hxg6 8. g3 Nbd7 9. Qe2 Nb6 10. cxd5 exd5 11. Bg2 Bb4 12. a3 Bxc3+ 13. bxc3 0-0 14. 0-0 Re8 15. Re1 g5 16. f3 g4 17. Ra2 gxf3 18. Qxf3 Ne4 19. Rc2 Qf6 20. Qg4 Qg6 21. Qxg6 fxg6 22. Rf1 Nc4 23. Rf4 Nf6 24. Re2 Nd6 25. a4 g5 26. Rf1 Nfe4 27. Ba3 Nxc3 28. Rb2 Nxa4 29. Rb3 Nc4 30. Rxb7 Rab8 31. Rxa7 Ra8 32. Rc7 Rec8 33. Re7 Re8 34. Rc7 Rec8 35. Re7 Re8 36. Rc7 1/2-1/2

[Event "Bergamo Province-ch"]
[Site "Bergamo"]
[Date "2013.01.20"]
[Round "2"]
[White "Filice, Davide"]
[Black "Chiarparin, Matteo"]
[Result "1-0"]
[WhiteElo "1716"]
[BlackElo "1458"]
[PlyCount "117"]
[EventDate "2013.01.19"]
[EventType "swiss"]
[EventRounds "6"]
[EventCountry "ITA"]
[SourceTitle "EXT 2024"]
[Source "ChessBase"]
[SourceDate "2023.10.10"]
[SourceVersion "1"]
[SourceVersionDate "2023.10.10"]
[SourceQuality "1"]

1. Nf3 d5 2. c4 c6 3. d4 Nf6 4. Nc3 e6 5. cxd5 cxd5 6. Bg5 Be7 7. e3 Nc6 8. Bb5 0-0 9. Rc1 Ne8 10. Bxe7 Qxe7 11. 0-0 Nd6 12. Bxc6 bxc6 13. Na4 Ba6 14. Re1 Rac8 15. Nc5 Bb7 16. b3 f6 17. a4 e5 18. a5 a6 19. Qe2 e4 20. Nd2 Nb5 21. Rc2 Rfd8 22. Nb1 Rd6 23. Rec1 Rb8 24. Nc3 Kf8 25. Nxb5 cxb5 26. Nxb7 Rxb7 27. Rc8+ Rd8 28. Qh5 Qe8 29. Qxh7 Kf7 30. R1c7+ Rxc7 31. Rxc7+ Rd7 32. Qh5+ Ke7 33. Qxe8+ Kxe8 34. Rxd7 Kxd7 35. b4 Ke6 36. f3 Kf5 37. Kf2 Ke6 38. h4 f5 39. g4 Kf6 40. Kg3 g6 41. fxe4 dxe4 42. Kf4 fxg4 43. Kxg4 Ke6 44. Kg5 Kd5 45. Kxg6 Kc4 46. d5 Kxd5 47. h5 Kc4 48. h6 Kxb4 49. h7 Kxa5 50. h8Q Ka4 51. Qd4+ b4 52. Qxe4 a5 53. Qc2+ b3 54. Qb2 Kb4 55. e4 a4 56. e5 a3 57. Qd4+ Ka5 58. Qc5+ Ka6 59. Qxa3+ 1-0

[Event "Bergamo Province-ch"]
[Site "Bergamo"]
[Date "2013.01.20"]
[Round "3"]
[White "Rota, Gabriele"]
[Black "Filice, Davide"]
[Result "0-1"]
[WhiteElo "1359"]
[BlackElo "1716"]
[PlyCount "40"]
[EventDate "2013.01.19"]
[EventType "swiss"]
[EventRounds "6"]
[EventCountry "ITA"]
[SourceTitle "EXT 2024"]
[Source "ChessBase"]
[SourceDate "2023.10.10"]
[SourceVersion "1"]
[SourceVersionDate "2023.10.10"]
[SourceQuality "1"]

1. e4 e5 2. f4 exf4 3. Nf3 h6 4. Bc4 d6 5. d4 g5 6. h4 Bg7 7. h5 Bg4 8. Bxf7+ Kxf7 9. Ne5+ dxe5 10. Qxg4 Qd7 11. Qxd7+ Nxd7 12. d5 Nc5 13. Nd2 Nf6 14. Kf2 Ncxe4+ 15. Nxe4 Nxe4+ 16. Kf3 Ng3 17. Rh2 Rad8 18. c4 c6 19. dxc6 bxc6 20. b3 e4+ 0-1